[Event "Match"]
[Site "www.echecsemail.com"]
[Date "2015.07.20"]
[Round "1"]
[White "Jafarhayder"]
[Black "Rob33"]
[WhiteElo "1250"]
[BlackElo "1839"]
[Result "1-0"]
[Round "1"]
1.d4 Ng8f6
2.c4 g6
3.Nb1c3 Bf8g7
4.e4 O-O
5.e5 Nf6e8
6.Ng1f3 d6
7.Bc1f4 Bc8f5
8.g3 Nb8c6
9.Bf1g2 Nc6b4
10.O-O c5
11.d5 Qd8c7
12.exd6 Ne8xd6
13.Nc3b5 Qc7d7
14.Nb5xd6 exd6
15.Qd1b3 Bf5d3
16.Rf1c1 Ra8e8
17.a3 Nb4xd5
18.cxd5 c4
19.Qb3a2 Re8e2
20.Bf4d2 Qd7b5
21.Bg2f1 Rf8e8
22.Bf1xe2 Re8xe2
23.Rc1e1 Qb5xd5
24.Re1xe2 Bd3xe2
25.Bd2e3 Be2xf3
26.Be3xa7 Qd5d2
27.Qa2xc4 Qd2xb2
28.Ra1c1 d5
29.Qc4c8  { time }
1-0

[Event "Match"]
[Site "www.echecsemail.com"]
[Date "2015.07.20"]
[Round "1"]
[White "Alanocturna"]
[Black "Raulazo"]
[WhiteElo "1690"]
[BlackElo "1589"]
[Result "0-1"]
[Round "1"]
1.g3 e5
2.Bf1g2 Ng8f6
3.Nb1c3 Bf8c5
4.e3 Nb8c6
5.Ng1e2 d6
6.O-O O-O
7.d4 exd4
8.exd4 Bc5b4
9.a3 Bb4xc3
10.Ne2xc3 b6
11.Bg2xc6 Ra8b8
 { time }
0-1

[Event "Match"]
[Site "www.echecsemail.com"]
[Date "2015.07.20"]
[Round "1"]
[White "Xandersonx"]
[Black "Drdoom"]
[WhiteElo "1719"]
[BlackElo "1740"]
[Result "1-0"]
[Round "1"]
1.e4 e5
2.g4 b6
3.Qd1f3 Bc8b7
4.Bf1c4 f6
5.g5 Nb8c6
6.Bc4d5 Qd8e7
7.gxf6 Ng8xf6
8.Nb1c3 Ra8b8
9.d3 h6
10.Bc1d2 Nc6d4
11.Qf3d1 Nf6xd5
12.exd5 c6
13.dxc6 Bb7xc6
14.f3 Qe7h4
15.Kf1 Qh4f6
16.Kf2 Bf8c5
17.Ra1c1 O-O
18.Bd2e3 Rb8d8
19.h4 d5
20.Rh1h3 Qf6f5
21.Rh3g3 Qf5h5
22.Qd1d2 Nd4f5
23.Be3xc5 bxc5
24.Rg3g4 Nf5xh4
25.Nc3e2 Nh4g6
26.Kg2 Ng6h4
27.Kg3 Nh4f5
28.Kf2 Nf5h4
29.Kg3 Nh4f5
30.Kf2 e4
31.Qd2f4 Nf5e7
32.Rg4h4 Qh5f5
33.Qf4xf5 Rf8xf5
34.Ne2g3 Rf5f6
35.Rc1e1 Ne7g6
36.Rh4h2 exf3
37.Ng3h5 Rf6d6
38.Ng1h3 d4
39.Nh3f4 Ng6f8
40.Re1e7 a5
41.Re7xg7 Kh8
42.Rh2h1 Rd8d7
43.Rg7g3 Nf8e6
44.Nf4g6 { resign }
1-0

[Event "Match"]
[Site "www.echecsemail.com"]
[Date "2015.07.20"]
[Round "1"]
[White "Coraza"]
[Black "Sik"]
[WhiteElo "1789"]
[BlackElo "1650"]
[Result "1-0"]
[Round "1"]
1.e4 e5
2.Ng1f3 Nb8c6
3.Bf1c4 h6
4.c3 d6
5.Qd1b3 Qd8e7
6.Bc4b5 Bc8d7
7.d4 exd4
8.Bb5xc6 Bd7xc6
9.O-O O-O-O
10.Qb3a3 Kb8
11.cxd4 Qe7xe4
12.Bc1e3 d5
13.Qa3b3 Bf8d6
14.Nf3d2 Qe4e7
15.Rf1e1 Ng8f6
16.a4 Bc6d7
17.a5 Bd6f4
18.Nb1a3 Rh8e8
19.g3 Bf4d6
20.Na3c2 Bd7h3
21.a6 b6
22.Qb3c3 Ka8
23.Qc3c6 Kb8
24.Qc6b7 { resign }
1-0

[Event "Match"]
[Site "www.echecsemail.com"]
[Date "2015.07.20"]
[Round "1"]
[White "Rindrandria"]
[Black "Ranjachess"]
[WhiteElo "1600"]
[BlackElo "1650"]
[Result "1-0"]
[Round "1"]
1.d4 d5
2.e3 Ng8f6
3.h3 Nf6e4
4.Ng1e2 Qd8d6
5.c3 Bc8d7
6.Qd1c2 Nb8c6
7.b4 O-O-O
8.Bc1a3 b5
9.Ne2f4 e5
10.Nf4d3 f5
11.Nd3c5 Nc6b8
12.dxe5 Qd6xe5
13.Nc5d3 Qe5f6
14.Nb1d2 Ne4xc3
15.Ba3b2 d4
16.Bb2xc3 dxc3
17.Nd2f3 Bf8d6
18.h4 f4
19.e4 Rd8e8
20.e5 Qf6f5
21.Qc2xc3 Nb8c6
22.O-O-O Nc6xe5
23.Nd3b2 Bd7c6
24.Nf3xe5 Re8xe5
25.Qc3xc6 Bd6xb4
26.Qc6a8 
1-0

[Event "Match"]
[Site "www.echecsemail.com"]
[Date "2015.07.20"]
[Round "1"]
[White "Raulazo"]
[Black "Reanna"]
[WhiteElo "1589"]
[BlackElo "1600"]
[Result "1/2-1/2"]
[Round "1"]
1.e4 e5
2.Ng1f3 Nb8c6
3.Bf1c4 h6
4.c3 Bf8c5
5.d4 Bc5e7
6.d5 Nc6a5
7.Qd1e2 Be7c5
8.b4 Na5xc4
9.Qe2xc4 Bc5b6
10.O-O Qd8f6
11.Bc1e3 d6
12.Nb1d2 Ng8e7
13.a4 Bc8g4
14.a5 Bb6xe3
15.fxe3 O-O
16.Nf3d4 Qf6g5
17.Ra1e1 Rf8c8
18.Nd4f3 Bg4xf3
19.Nd2xf3 Qg5h5
20.Qc4b5 b6
21.Qb5d7 Ne7g6
22.g4 Qh5h3
23.Nf3g5 Qh3h4
24.Qd7xf7 Kh8
25.Qf7xg6 Qh4xg4
26.Kh1 Qg4xg5
27.Qg6xg5 hxg5
28.Rf1g1 bxa5
29.bxa5 c6
30.Rg1xg5 c5
31.Re1g1 Rc8c7
32.Rg5g6 Rc7d7
33.Rg1g3 Ra8f8
34.Kg2 Rf8b8
35.Kh3 Rb8b5
36.a6 Rb5a5
37.Rg3g4 Ra5xa6
38.Rg4h4 Kg8
39.Rh4g4 Ra6a3
40.Rg4g3 Ra3xc3
41.Kh4 a5
42.Kg5 a4
43.h4 a3
44.Rg3g2 Rc3xe3
45.Kf5 Re3f3
46.Ke6 Rd7d8
47.Ke7 Rd8b8
48.Rg6xg7 Kh8
49.Kxd6 Rb8b2
50.Rg7g8 Kh7
51.Rg2g7 Kh6
52.Rg7g6 Kh7
53.Rg8g7 Kh8
54.Rg7g8 { draw }
1/2-1/2

[Event "Match"]
[Site "www.echecsemail.com"]
[Date "2015.07.20"]
[Round "1"]
[White "Bbking"]
[Black "Raulazo"]
[WhiteElo "1480"]
[BlackElo "1589"]
[Result "0-1"]
[Round "1"]
1.e4 e5
2.Ng1f3 Nb8c6
3.Bf1b5 Nc6d4
4.Nf3xd4 exd4
5.d3 Bf8b4
6.c3 dxc3
7.bxc3 Bb4c5
8.d4 Bc5b6
9.Nb1d2 Ng8f6
10.O-O O-O
11.e5 Nf6d5
12.Bc1b2 c6
13.Bb5a4 d6
 { time }
0-1

[Event "Match"]
[Site "www.echecsemail.com"]
[Date "2015.07.20"]
[Round "1"]
[White "Robinjut"]
[Black "Llcervello"]
[WhiteElo "1420"]
[BlackElo "1660"]
[Result "1-0"]
[Round "1"]
1.e4 e5
2.Ng1f3 f6
3.Nb1c3 g5
4.h3 c6
5.d3 d6
6.Bf1e2 a6
7.Bc1e3 b5
8.d4 Nb8d7
9.dxe5 Nd7xe5
10.Nf3xe5 fxe5
11.Be2h5 Kd7
12.Qd1g4 Kc7
13.Qg4xg5 Bf8e7
14.Qg5g7 Ng8f6
15.Bh5f7 Rh8f8
16.O-O-O Rf8g8
17.Bf7xg8 Nf6xg8
18.Be3g5 h5
19.Bg5xe7 Ng8xe7
20.Rd1d3 Kb8
21.Rh1d1 Ra8a7
22.Rd3xd6 Ra7d7
23.Qg7xe5 Rd7xd6
24.Qe5xd6 Qd8xd6
25.Rd1xd6 Kc7
26.Rd6h6 b4
27.Nc3a4 Bc8b7
28.Na4c5 a5
29.Rh6xh5 Kb6
30.Nc5e6 Ne7g6
31.g4 Bb7c8
32.Ne6d4 Ng6f4
33.Rh5h8 Bc8d7
34.f3 c5
35.Nd4f5 Nf4e2
36.Kd2 Ne2g1
37.h4 Ng1xf3
38.Ke3 Nf3e1
39.Kd2 Ne1f3
40.Ke3 Nf3e5
{ time. }
1-0

[Event "Match"]
[Site "www.echecsemail.com"]
[Date "2015.07.20"]
[Round "1"]
[White "Mknittel"]
[Black "Arnpriorite"]
[WhiteElo "1809"]
[BlackElo "2220"]
[Result "0-1"]
[Round "1"]
1.Ng1f3 d5
2.d4 Ng8f6
3.c4 c6
4.e3 Nb8d7
5.Nb1c3 e6
6.Bf1d3 dxc4
7.Bd3xc4 Bf8b4
8.O-O O-O
9.Qd1e2 Nd7b6
10.Bc4d3 Nb6d5
11.Bc1d2 Qd8e7
12.e4 Nd5xc3
13.bxc3 Bb4a5
14.e5 Nf6d5
15.Bd3xh7 Kxh7
 { time }
0-1

[Event "Match"]
[Site "www.echecsemail.com"]
[Date "2015.07.20"]
[Round "1"]
[White "Haukia"]
[Black "Expert"]
[WhiteElo "2200"]
[BlackElo "1680"]
[Result "1-0"]
[Round "1"]
1.e4 e5
2.Bf1c4 Ng8f6
3.d3 c6
4.Ng1f3 d5
5.Bc4b3 Bf8d6
6.Nb1c3 d4
7.Nc3e2 O-O
8.Ne2g3 a5
9.c3 c5
10.O-O Nb8c6
11.Bb3a4 Bc8e6
12.Ba4xc6 bxc6
13.c4 Qd8d7
14.Nf3g5 Rf8b8
15.b3 a4
16.Ng5xe6 Qd7xe6
17.bxa4 h6
18.Ng3f5 Bd6f8
19.Bc1d2 Rb8b2
20.a5 Nf6d7
21.Qd1e1 Ra8b8
22.Bd2c1 Rb2b7
23.f4 Rb7b1
24.Ra1xb1 Rb8xb1
25.Qe1g3 exf4
26.Bc1xf4 Rb1xf1
27.Kxf1 Kh8
28.Bf4d6 g5
29.Bd6xf8 Nd7xf8
30.Qg3b8 { time. }
1-0

[Event "Match"]
[Site "www.echecsemail.com"]
[Date "2015.07.20"]
[Round "1"]
[White "F14"]
[Black "Harrytheking"]
[WhiteElo "1840"]
[BlackElo "1770"]
[Result "1-0"]
[Round "1"]
1.d4 h6
2.e4 b6
3.Ng1f3 Bc8a6
4.Bf1xa6 Nb8xa6
5.O-O e6
6.Rf1e1 Ng8e7
7.c4 Ne7g6
8.Nb1c3 Bf8e7
9.Qd1a4 Qd8c8
10.d5 Na6c5
11.Qa4c2 exd5
12.exd5 d6
13.b4 Nc5b7
14.Nf3d4 O-O
15.Nd4f5 Be7f6
16.Nf5xh6 gxh6
17.Ra1b1 c5
18.b5 Nb7a5
19.Nc3e4 Bf6e7
20.Bc1xh6 Rf8e8
21.Re1e3 Kh7
22.Re3h3 Kg8
23.Qc2c3 f6
24.Ne4xf6 Be7xf6
25.Qc3xf6 Re8e7
26.Qf6xg6 { resign }
1-0

[Event "Match"]
[Site "www.echecsemail.com"]
[Date "2015.07.20"]
[Round "1"]
[White "Goofy"]
[Black "Coraza"]
[WhiteElo "2220"]
[BlackElo "1649"]
[Result "1-0"]
[Round "1"]
1.e4 e5
2.Ng1f3 Nb8c6
3.Bf1b5 Nc6d4
4.Nf3xd4 exd4
5.O-O c6
6.Bb5c4 Ng8f6
7.Rf1e1 Bf8c5
8.e5 Nf6g8
9.Qd1g4 g6
10.d3 d6
11.exd6 Kf8
12.Qg4f3 f6
13.Nb1d2 Bc5xd6
14.Nd2e4 Bc8f5
15.Ne4xd6 Qd8xd6
16.Bc1f4 Qd6d7
17.h3 Ng8e7
18.g4 b5
19.Bc4b3 g5
20.Bf4g3 Bf5g6
21.Qf3xf6 { resign }
1-0

[Event "Match"]
[Site "www.echecsemail.com"]
[Date "2015.07.20"]
[Round "1"]
[White "Supernovae"]
[Black "Razorboy"]
[WhiteElo "1950"]
[BlackElo "1860"]
[Result "0-1"]
[Round "1"]
1.e4 e5
2.f4 exf4
3.Ng1f3 Nb8c6
4.Bf1c4 Ng8f6
5.Nb1c3 Bf8b4
6.d3 Bb4xc3
7.bxc3 d6
8.Bc1xf4 O-O
9.O-O Bc8g4
10.a3 Bg4xf3
11.Qd1xf3 Rf8e8
12.Ra1e1 a6
13.Bf4g5 b5
14.Bc4a2 Nc6e5
15.Qf3g3 Ne5g6
16.Bg5xf6 gxf6
17.h4 Kf8
18.h5 Ng6e5
19.h6 Ne5g6
20.Rf1f5 Re8e5
21.Re1f1 Re5xf5
22.Rf1xf5 c5
23.Rf5d5 Qd8e7
24.Rd5xd6 a5
25.Ba2d5 Ra8d8
26.Rd6xd8 Qe7xd8
27.Bd5c6 b4
28.cxb4 cxb4
29.axb4 Qd8b6
 { time }
0-1

[Event "Match"]
[Site "www.echecsemail.com"]
[Date "2015.07.20"]
[Round "1"]
[White "Generalfree"]
[Black "Andychesston"]
[WhiteElo "1730"]
[BlackElo "1900"]
[Result "0-1"]
[Round "1"]
1.e4 e5
2.Ng1f3 Nb8c6
3.Bf1c4 Ng8f6
4.Nf3g5 d5
5.exd5 Nf6xd5
6.Ng5xf7 Kxf7
7.Qd1f3 Ke6
8.d4 Nc6xd4
9.Qf3g4 Kd6
10.Qg4e4 Bc8e6
11.c3 Nd5f6
12.Qe4d3 Be6f5
13.Qd3e3 Nd4c2
14.Ke2 Nc2xe3
15.Bc1xe3 Ke7
16.Rh1d1 Qd8c8
17.Nb1a3 Nf6g4
18.Be3c5 Kf6
19.Bc5xf8 Rh8xf8
20.h3 Ng4h6
21.f3 Qc8e8
22.Na3b5 Qe8e7
23.Rd1d2 c6
24.Nb5a3 b5
25.Bc4d3 e4
26.fxe4 Bf5xe4
27.Bd3xe4 Qe7xe4
28.Kd1 Ra8d8
{ resign }
0-1

[Event "Match"]
[Site "www.echecsemail.com"]
[Date "2015.07.20"]
[Round "1"]
[White "Chapi"]
[Black "Generalfree"]
[WhiteElo "1980"]
[BlackElo "1780"]
[Result "1-0"]
[Round "1"]
1.d4 d5
2.c4 dxc4
3.Nb1c3 Bc8d7
4.a4 b6
5.e3 g6
6.Bf1xc4 Bf8g7
7.Ng1f3 e6
8.O-O c5
9.d5 Ng8e7
10.dxe6 fxe6
11.Nf3g5 Qd8c8
12.Qd1f3 Bg7f6
13.Qf3xf6 Rh8f8
14.Qf6e5 Nb8c6
15.Qe5d6 Nc6a5
16.Bc4xe6 Rf8f6
17.Be6xd7 { resign }
1-0

[Event "Match"]
[Site "www.echecsemail.com"]
[Date "2015.07.20"]
[Round "1"]
[White "Nimzo"]
[Black "Arb"]
[WhiteElo "2690"]
[BlackElo "2720"]
[Result "1/2-1/2"]
[Round "1"]
1.d4 d5
2.c4 dxc4
3.e4 b5
4.a4 c6
5.axb5 cxb5
6.Nb1c3 a6
7.Nc3xb5 axb5
8.Ra1xa8 Bc8b7
9.Ra8a2 e6
10.f3 Nb8c6
11.Ng1e2 Bf8b4
12.Bc1d2 Ng8f6
13.h4 O-O
14.b3 Qd8b6
15.Ra2b2 c3
16.Bd2xc3 Bb4xc3
17.Ne2xc3 Nc6xd4
18.Rb2d2 e5
19.b4 Rf8a8
20.Nc3e2 Nd4c6
21.Rd2b2 Nc6d8
22.Qd1c1 Nd8e6
23.Ne2g3 Ra8a3
24.Rb2d2 Ra3b3
25.Ng3f5 { draw }
1/2-1/2

[Event "Match"]
[Site "www.echecsemail.com"]
[Date "2015.07.20"]
[Round "1"]
[White "Billyg"]
[Black "Redabond"]
[WhiteElo "1560"]
[BlackElo "1499"]
[Result "1-0"]
[Round "1"]
1.e4 e5
2.d4 exd4
3.Qd1xd4 Nb8c6
4.Qd4e3 Nc6b4
5.Qe3d2 d5
6.a3 Nb4a6
7.Qd2xd5 Qd8xd5
8.exd5 Bc8f5
9.Bf1d3 Bf5xd3
10.cxd3 O-O-O
11.Ng1f3 Rd8xd5
12.O-O Rd5xd3
13.Nf3e5 Ng8h6
14.Ne5xd3 Bf8d6
15.Nb1c3 Rh8d8
16.Bc1g5 f6
17.Bg5e3 Bd6xh2
18.Kh1 Bh2d6
19.Nc3b5 Kb8
20.Ra1e1 b6
21.Rf1g1 Bd6xa3
22.Nb5d4 Ba3c5
23.Nd4c6 Kc8
24.Nc6xd8 Kxd8
25.Nd3f4 Bc5b4
26.Re1d1 Ke7
27.Nf4d5 Ke6
28.Nd5f4 Ke7
29.Be3d2 Bb4d6
30.Rg1e1 Kf7
31.Nf4d5 Nh6g4
32.Re1f1 c6
33.Nd5e3 Ng4e5
34.Bd2c3 Ne5g6
35.Rd1xd6 c5
36.Rf1d1 Na6b8
37.g3 Ng6e5
38.Bc3xe5 fxe5
39.Ne3g4 { resign }
1-0

[Event "Match"]
[Site "www.echecsemail.com"]
[Date "2015.07.20"]
[Round "1"]
[White "Crush"]
[Black "Redabond"]
[WhiteElo "1680"]
[BlackElo "1499"]
[Result "0-1"]
[Round "1"]
1.e4 e5
2.Ng1f3 Nb8c6
3.Nb1c3 Bf8c5
4.Bf1c4 h6
5.O-O Ng8f6
6.d3 O-O
7.Bc1e3 Bc5xe3
8.fxe3 d6
9.d4 exd4
10.exd4 Bc8g4
11.d5 Bg4xf3
12.Qd1xf3 Nc6d4
13.Rf1f2 Nd4xf3
14.Rf2xf3 Rf8e8
15.h3 Nf6xe4
16.Nc3xe4 Re8xe4
17.Ra1f1 f6
18.Bc4d3 Re4d4
19.c3 Rd4xd5
20.Rf3g3 Rd5e5
21.Rf1f4 Re5d5
22.Bd3e4 Rd5d1
23.Kh2 Rd1d2
24.Rf4g4 Qd8e7
25.h4 Rd2xb2
26.a4 Qe7d7
27.Be4d5 Kh8
28.h5 Qd7xa4
29.Rg4xa4 c6
30.Bd5e6 d5
31.Ra4g4 Ra8e8
32.Be6f5 Re8e7
33.Kh3 a5
34.Bf5c8 b5
35.Bc8f5 a4
36.c4 dxc4
37.Rg3c3 Rb2b3
38.Rc3xb3 cxb3
39.Kg3 a3
{ resign }
0-1

[Event "Match"]
[Site "www.echecsemail.com"]
[Date "2015.07.20"]
[Round "1"]
[White "Caspito"]
[Black "Subh"]
[WhiteElo "1810"]
[BlackElo "1499"]
[Result "1-0"]
[Round "1"]
1.e4 g6
2.d4 Bf8g7
3.e5 d6
4.Bc1f4 Nb8d7
5.Ng1f3 dxe5
6.dxe5 e6
7.Bf1b5 Ng8e7
8.Bf4g5 c6
9.Bb5a4 Qd8a5
10.Nb1c3 Ne7d5
11.Qd1d4 Nd5xc3
12.bxc3 h6
13.Bg5h4 b5
14.Ba4b3  { time }
1-0

[Event "Match"]
[Site "www.echecsemail.com"]
[Date "2015.07.20"]
[Round "1"]
[White "Subh"]
[Black "Mrmoto"]
[WhiteElo "1499"]
[BlackElo "1600"]
[Result "0-1"]
[Round "1"]
1.e3 c5
2.c3 d6
3.d3 Nb8c6
4.Ng1e2 g6
5.b3 Bf8g7
6.Bc1b2 Ng8f6
7.g3 O-O
8.Bf1g2 e5
 { time }
0-1

[Event "Match"]
[Site "www.echecsemail.com"]
[Date "2015.07.20"]
[Round "1"]
[White "Jjmcbride"]
[Black "Johnmcbride"]
[WhiteElo "1810"]
[BlackElo "1810"]
[Result "0-1"]
[Round "1"]
1.e4 e5
2.b3 d6
3.d4 exd4
4.Qd1xd4 c5
5.Qd4d1 Bf8e7
6.Bc1b2 f6
7.Bf1c4 Ng8h6
8.Bb2c1 Bc8d7
9.Bc1xh6 gxh6
10.Qd1d5 Rh8f8
11.Qd5xb7 Bd7c6
12.Bc4b5 Qd8a5
13.c3 Qa5xb5
14.Qb7c8 Kf7
15.Qc8f5 Kg7
16.Qf5g4 Kf7
17.Ng1e2 Qb5d3
18.O-O Bc6d7
19.Qg4h5 Kg7
20.Ne2g3 Bd7e8
21.Ng3f5 Kh8
22.Qh5xh6 Rf8f7
23.Qh6f4 Qd3a6
24.Nb1d2 Be7f8
25.Nd2c4 Rf7d7
26.Rf1d1 Nb8c6
27.Nf5xd6 Ra8d8
28.Qf4xf6 Bf8g7
29.Qf6f4 Be8g6
30.Rd1d5 Nc6e7
31.Rd5xc5 Bg7xc3
32.Ra1c1 Qa6xa2
33.Rc1xc3 Qa2b1
34.Rc3c1 Qb1xb3
35.Qf4e5 Kg8
36.Qe5e6 Kh8
37.Qe6f6 Kg8
38.e5 Qb3d3
39.e6 Rd8f8
40.exd7 Rf8xf6
41.d8Q Rf6f8
42.Qd8xe7 Qd3d4
43.Qe7e6 Kh8
44.Nc4e3 { time. }
0-1

[Event "Match"]
[Site "www.echecsemail.com"]
[Date "2015.07.20"]
[Round "1"]
[White "Nestor"]
[Black "Tbsundar"]
[WhiteElo "2150"]
[BlackElo "2060"]
[Result "0-1"]
[Round "1"]
1.e4 e5
2.Nb1c3 Nb8c6
3.Bf1c4 Bf8c5
4.d3 d6
5.Ng1e2 Bc8g4
6.O-O Nc6d4
7.Bc1e3 Ng8f6
8.Qd1d2 Bc5b4
9.Ne2xd4 exd4
 { time }
0-1

[Event "Match"]
[Site "www.echecsemail.com"]
[Date "2015.07.20"]
[Round "1"]
[White "Guidom"]
[Black "Omsk"]
[WhiteElo "2080"]
[BlackElo "1499"]
[Result "1-0"]
[Round "1"]
1.e4 e5
2.Ng1f3 Nb8c6
3.Bf1b5 a6
4.Bb5xc6 dxc6
5.O-O Bf8d6
6.d3 Ng8e7
7.Nb1c3 f6
8.Bc1e3 Bc8g4
9.h3 Bg4h5
10.d4 O-O
11.Qd1e2 exd4
12.Qe2c4 Bh5f7
13.Qc4xd4 Ne7g6
14.Ra1d1 Qd8e7
15.Rf1e1 Ng6e5
16.Nf3xe5 Bd6xe5
17.Qd4a4 Ra8d8
18.f4 Be5xc3
19.bxc3 Qe7e6
20.Be3d4 Qe6xa2
{ time. }
1-0

[Event "Match"]
[Site "www.echecsemail.com"]
[Date "2015.07.20"]
[Round "1"]
[White "Fangshuo"]
[Black "Omsk"]
[WhiteElo "2050"]
[BlackElo "1499"]
[Result "1-0"]
[Round "1"]
1.e4 e5
2.d4 exd4
3.Ng1f3 Bf8c5
4.a3 d5
5.exd5 Qd8xd5
6.b4 Bc5b6
7.Bc1b2 Bc8g4
8.Nb1d2 Ng8e7
{ time. }
1-0

[Event "Match"]
[Site "www.echecsemail.com"]
[Date "2015.07.20"]
[Round "1"]
[White "Glenno"]
[Black "Yangqi"]
[WhiteElo "2290"]
[BlackElo "2270"]
[Result "0-1"]
[Round "1"]
1.e4 g6
2.d4 Bf8g7
3.Nb1c3 d6
4.Ng1f3 a6
5.Bf1c4 b5
6.b3 bxc4
7.bxc4 Bc8g4
8.O-O Bg4xf3
9.gxf3 Nb8c6
10.Nc3e2 e5
11.d5 Nc6e7
12.Ne2g3 Ng8h6
13.f4 exf4
14.Bc1xf4 O-O
15.f3 f5
16.Ra1b1 Ne7c8
17.Qd1d2 Qd8h4
18.Bf4g5 Qh4h3
19.Ng3e2 fxe4
20.Ne2f4 Rf8xf4
21.Qd2xf4 Bg7e5
22.Qf4h4 Qh3xh4
23.Bg5xh4 Nh6f5
24.Bh4d8 Be5d4
25.Kh1 Nf5e3
26.fxe4 Ne3xf1
27.Rb1xf1 Nc8b6
28.Bd8xc7 Nb6xc4
29.Rf1b1 Ra8f8
30.a4 Kg7
31.Bc7b8 Kh6
32.Bb8c7 Rf8f2
33.h4 Nc4d2
34.Rb1d1 Bd4c5
35.Rd1xd2 Rf2xd2
36.e5 Rd2xd5
37.exd6 Bc5xd6
38.Bc7d8 Rd5d2
39.Bd8g5 Kh5
40.Bg5xd2 Kxh4
41.Bd2e3 Kg4
42.c4 Bd6c7
43.Be3a7 Kf5
44.Kg2 Ke4
45.Kh3 Kf3
46.Ba7c5 g5
47.Bc5f2 Kxf2
48.Kg4 h6
49.c5 Ke3
50.a5 Bc7xa5
{ resign }
0-1

[Event "Match"]
[Site "www.echecsemail.com"]
[Date "2015.07.20"]
[Round "1"]
[White "Bojan"]
[Black "Ssharp"]
[WhiteElo "1950"]
[BlackElo "2130"]
[Result "0-1"]
[Round "1"]
1.e4 c6
2.d4 d5
3.exd5 cxd5
4.Nb1c3 Ng8f6
5.h3 e6
6.a3 Nb8c6
7.Ng1f3 Bc8d7
8.Bc1g5 Bf8e7
9.Bg5f4 a6
10.Nf3e5 O-O
11.Bf4g3 Ra8c8
12.Ne5xc6 Bd7xc6
13.Bf1d3 h6
14.Qd1f3 Qd8b6
15.Ra1b1 Qb6xd4
16.Rb1d1 Qd4b6
17.Rd1b1 Kh8
18.O-O Nf6d7
19.Kh1 f5
20.Nc3e2 d4
21.Qf3f4 e5
22.Qf4d2 g5
23.c3 e4
24.Bd3c4 f4
25.Ne2xf4 gxf4
26.Bg3xf4 Kh7
27.cxd4 Be7h4
28.d5 Bc6b5
29.Bc4xb5 axb5
30.Bf4e3 Qb6d6
31.Qd2d4 Rc8e8
32.Rb1d1 Bh4d8
33.Qd4d2 Bd8c7
34.g3 Nd7e5
35.f4 Ne5d3
36.Qd2c3 Rf8f7
37.Rd1xd3 exd3
38.Qc3xd3 Qd6g6
39.Rf1d1 Qg6xd3
40.Rd1xd3 Bc7d6
41.Kg2 Rf7e7
42.Kf3 b4
43.axb4 Bd6xb4
44.f5 Bb4d6
45.Rd3b3 Re7xe3
46.Rb3xe3 Re8xe3
47.Kxe3 Bd6xg3
48.Kd4 Bg3d6
49.Kc4 Kg7
50.Kb5 Kf6
51.Kb6 Kxf5
52.Kxb7 Ke5
53.Kc6 h5
54.b3 h4
55.Kb5 Kxd5
56.Ka4 Ke4
{ resign }
0-1

[Event "Match"]
[Site "www.echecsemail.com"]
[Date "2015.07.20"]
[Round "1"]
[White "Udo"]
[Black "Gavroche"]
[WhiteElo "1490"]
[BlackElo "1850"]
[Result "0-1"]
[Round "1"]
1.c3 e5
2.d3 d5
3.Bc1e3 Ng8f6
4.Ng1f3 Nb8c6
5.Nb1d2 d4
6.Be3g5 Bf8e7
7.Qd1a4 O-O
8.a3 a6
9.Nd2c4 b5
10.Qa4c2 bxc4
11.dxc4 Bc8e6
12.b4 Be6xc4
13.Nf3d2 Bc4e6
14.e3 a5
15.b5 Nc6a7
16.Bf1e2 c6
17.a4 cxb5
18.cxd4 exd4
19.Be2f3 Ra8c8
20.Qc2d3 b4
21.O-O Na7c6
22.Bg5xf6 Be7xf6
23.Bf3d1 dxe3
24.Qd3xd8 exf2
25.Rf1xf2 Rc8xd8
26.Kh1 Bf6xa1
27.Bd1f3 Nc6e5
28.Bf3h5 Ba1c3
29.Nd2f1 Be6b3
30.Bh5e2 Bb3xa4
31.h4 Ba4b3
32.Rf2f5 a4
33.Kh2 a3
34.Nf1g3 a2
35.Rf5f1 a1Q
36.Rf1xa1 Bc3xa1
37.Ng3e4 Bb3c4
38.Ne4c5 Bc4xe2
39.Kh3 Ne5d3
40.Nc5a6 b3
41.Na6c7 Nd3f4
42.Kg3 Ba1e5
43.Kf2 Be5xc7
44.g3 Rf8e8
45.gxf4 b2
{ resign }
0-1

[Event "Match"]
[Site "www.echecsemail.com"]
[Date "2015.07.20"]
[Round "1"]
[White "Colchester"]
[Black "Pare123"]
[WhiteElo "1930"]
[BlackElo "1940"]
[Result "1-0"]
[Round "1"]
1.d4 e6
2.Ng1f3 Nb8c6
3.g3 d5
4.Bf1g2 Ng8f6
5.O-O Bf8e7
6.b3 O-O
7.Bc1b2 Rf8e8
8.Nb1d2 Be7d6
9.a3 e5
10.dxe5 Nc6xe5
11.Nf3xe5 Bd6xe5
12.Bb2xe5 Re8xe5
13.Nd2f3 Re5e8
14.e3 Bc8g4
15.h3 Bg4h5
16.Qd1d2 c6
17.Nf3d4 Qd8d7
18.Rf1e1 Bh5g6
19.b4 a6
20.Nd4b3 Nf6e4
21.Bg2xe4 Bg6xe4
22.Kh2 Re8e6
23.Nb3c5 Qd7e7
24.Nc5xe6 Qe7xe6
25.Qd2e2 Qe6f5
26.Re1f1 Be4xc2
27.Ra1c1 Bc2d3
28.Qe2d2 Bd3xf1
29.Rc1xf1 Ra8e8
30.Kg2 h5
31.Rf1d1 Re8e6
32.Qd2d3 Qf5g5
33.Rd1b1 h4
34.g4 Re6e4
35.Rb1e1 f5
36.f3 Re4e6
37.Qd3xf5 Qg5xf5
38.gxf5 Re6e5
39.e4 Kf7
40.Kf2 Kf6
41.Ke3 g5
42.fxg6 Kxg6
43.Re1g1 Re5g5
44.Rg1g4 Rg5xg4
45.fxg4 dxe4
46.Kxe4 Kg5
47.a4 b6
48.Ke5 { resign }
1-0

[Event "Match"]
[Site "www.echecsemail.com"]
[Date "2015.07.20"]
[Round "1"]
[White "F14"]
[Black "Paco"]
[WhiteElo "1840"]
[BlackElo "1820"]
[Result "0-1"]
[Round "1"]
1.d4 d5
2.Ng1f3 Nb8c6
3.c4 dxc4
4.e4 Bc8g4
5.d5 Nc6e5
6.Bf1e2 Ne5xf3
7.Be2xf3 Bg4xf3
8.Qd1xf3 Qd8d6
9.Nb1c3 O-O-O
10.O-O h5
11.Bc1e3 f6
12.Rf1d1 g5
{ time. }
0-1

[Event "Match"]
[Site "www.echecsemail.com"]
[Date "2015.07.20"]
[Round "1"]
[White "Chapi"]
[Black "F14"]
[WhiteElo "2020"]
[BlackElo "1840"]
[Result "1/2-1/2"]
[Round "1"]
1.d4 Ng8f6
2.c4 g6
3.Nb1c3 d5
4.cxd5 Nf6xd5
5.e4 Nd5xc3
6.bxc3 Bf8g7
7.Ng1f3 c5
8.Bf1c4 O-O
9.O-O Bc8g4
10.Bc4d5 Nb8c6
11.Qd1b3 Bg4xf3
12.gxf3 Nc6a5
13.Qb3b5 cxd4
14.cxd4 Ra8b8
15.Bc1f4 a6
16.Qb5b4 e5
17.dxe5 Na5c6
18.Qb4c4 Bg7xe5
19.Bf4h6 Qd8h4
20.f4 Be5xf4
21.Bh6xf4 Qh4xf4
22.Bd5xc6 Qf4g4
23.Kh1 Qg4f3
{ draw }
1/2-1/2

[Event "Match"]
[Site "www.echecsemail.com"]
[Date "2015.07.20"]
[Round "1"]
[White "Generalfree"]
[Black "Llord"]
[WhiteElo "1750"]
[BlackElo "1760"]
[Result "0-1"]
[Round "1"]
1.d4 d6
2.e4 e5
3.d5 Ng8f6
4.Bf1d3 Bc8g4
5.f3 Bg4h5
6.g4 Bh5g6
7.h4 h5
8.g5 Nf6d7
9.Bc1e3 Nd7c5
10.Be3xc5 dxc5
11.Nb1c3 Nb8d7
12.Qd1e2 Nd7b6
13.Bd3b5 Nb6d7
14.Nc3a4 a6
15.Bb5c4 b5
16.Bc4xb5 axb5
17.Qe2xb5 Ra8b8
18.Qb5c4 Bf8d6
19.Ng1e2 O-O
20.b3 Nd7b6
21.Qc4b5 Nb6xa4
22.Qb5xa4 f6
23.Rh1g1 fxg5
24.Rg1xg5 Bg6h7
25.Rg5xh5 Qd8f6
26.Ne2g1 Bd6e7
27.O-O-O Qf6f4
28.Kb2 Be7xh4
29.Ng1h3 Qf4xf3
30.Rh5xh4 Qf3xd1
31.Qa4c4 Qd1d4
32.Qc4xd4 cxd4
33.Nh3g5 Bh7g6
34.Ng5e6 Rf8f7
35.Ne6g5 Rf7f4
36.Rh4h3 Rf4g4
37.Ng5e6 Bg6xe4
38.Ne6xc7 Rg4g2
39.d6 Rg2xc2
40.Ka3 Rc2xc7
41.dxc7 Rb8c8
42.Rh3h5 Rc8xc7
43.Rh5xe5 Be4b7
44.Re5e8 Kh7
45.Re8d8 g5
46.Rd8xd4 Kh6
47.b4 Kh5
48.b5 g4
49.Kb4 g3
50.a4 g2
51.Rd4d1 Kh4
52.b6 Rc7g7
53.a5 Rg7f7
54.Rd1d4 Kh3
{ resign }
0-1

[Event "Match"]
[Site "www.echecsemail.com"]
[Date "2015.07.20"]
[Round "1"]
[White "Drharislacan"]
[Black "Wildtiger"]
[WhiteElo "1699"]
[BlackElo "1620"]
[Result "1/2-1/2"]
[Round "1"]
1.Ng1h3 d5
2.e4 Bc8xh3
3.f4 Qd8d7
4.e5 e6
5.gxh3 Qd7e7
6.Nb1c3 Nb8c6
7.h4 Qe7xh4
8.Ke2 Bf8c5
9.d4 Nc6xd4
10.Kd3 f6
11.Bf1e2 fxe5
12.fxe5 Qh4h3
13.Kd2 Ng8h6
14.a3 Nh6f5
15.Nc3xd5 exd5
16.c3 Nf5e3
17.e6 O-O
18.Kd3 Qh3f5
19.Kd2 Nd4xe2
20.Kxe2 Ne3xd1
21.Rh1xd1 Qf5f2
{ draw }
1/2-1/2

[Event "Match"]
[Site "www.echecsemail.com"]
[Date "2015.07.20"]
[Round "1"]
[White "Pinehill"]
[Black "Mrmoto"]
[WhiteElo "1820"]
[BlackElo "1600"]
[Result "1-0"]
[Round "1"]
1.e4 e6
2.Ng1f3 d5
3.exd5 Qd8xd5
4.Nb1c3 Qd5d8
5.d4 a6
6.Bf1c4 h6
7.O-O Ng8f6
8.Bc1f4 Bf8d6
9.Nf3e5 Nb8c6
10.Ne5xc6 bxc6
11.Bf4g3 Bd6xg3
12.fxg3 O-O
13.Qd1d2 Bc8b7
14.Ra1e1 c5
15.Re1d1 Qd8e7
16.d5 Ra8d8
17.Qd2e2 Nf6xd5
18.Nc3xd5 Bb7xd5
19.Bc4xd5 c6
20.Bd5xc6 Rd8c8
21.Qe2xa6 Qe7c7
22.Bc6f3 Qc7e5
23.c3 c4
24.Rd1d4 Qe5c5
25.Kh1 e5
26.Rd4d5 Qc5c7
27.Bf3g4 Rc8a8
28.Qa6d6 Qc7xd6
29.Rd5xd6 Ra8xa2
30.Rd6c6 Ra2xb2
31.Rc6xc4 e4
32.Rc4xe4 g5
33.c4 Kg7
34.h4 h5
35.Bg4xh5 Rb2b7
36.hxg5 { resign }
1-0

[Event "Match"]
[Site "www.echecsemail.com"]
[Date "2015.07.20"]
[Round "1"]
[White "Chessexpert"]
[Black "Raulazo"]
[WhiteElo "1620"]
[BlackElo "1589"]
[Result "0-1"]
[Round "1"]
1.d4 Ng8f6
2.c4 d5
3.cxd5 Qd8xd5
4.Nb1c3 Qd5a5
5.Ng1f3 e6
6.Bc1d2 Qa5b6
7.Qd1c2 g6
8.e3 Bf8g7
9.Bf1e2 O-O
10.O-O { time. }
0-1

[Event "Match"]
[Site "www.echecsemail.com"]
[Date "2015.07.20"]
[Round "1"]
[White "Generalfree"]
[Black "Pellix84"]
[WhiteElo "1780"]
[BlackElo "1930"]
[Result "1-0"]
[Round "1"]
1.d4 Ng8f6
2.c4 e6
3.a3 c5
4.Ng1f3 Nb8c6
5.Nb1c3 d5
6.cxd5 exd5
7.Bc1g5 h6
8.Bg5xf6 Qd8xf6
9.Nc3xd5 Qf6d8
10.dxc5 Bf8xc5
11.e4 Bc8g4
12.Ra1c1 Bc5b6
13.Bf1b5 Ra8c8
14.O-O O-O
15.Nd5xb6 Qd8xb6
16.a4 Nc6d4
17.Qd1xd4 Bg4xf3
18.Qd4xb6 axb6
19.gxf3 Rc8c5
20.Rf1d1 Rc5g5
21.Kh1 h5
22.Rc1c7 h4
23.Rc7xb7 Rg5g6
24.h3 Rg6f6
25.Bb5e2 { resign }
1-0